1300 1768 1051 1871 1450 1794 1388 1421 1295 1034 1286 1218 1396 1830 1034 1809 1880 1478 1755 1555 1526 1306 1531 1706 1940 1359 1830 1309 1544 1915 1580 1912 1298 1390 1739 1257 1294 1179 1292 1652 1625 1456 1588 1682 1904 1710 1318 1943 1012 1670 1278 1016 1491 1397 1081 1014 1060 1162 1235 1781 1439 1623 1113 1375 1899 1878 1972 1748 1090 1245 1194 1878 1731 1904 1884 1105 1175 1080 1295 1414 1500 1369 1186 1933 1263 1447 1438 1713 1365 1134 1300 1571 1970 1764 1107 1457 1470 1077 1945 BCNSPRNW ULIB Ver.6.0+V

เปลี่ยนเป็นภาษาไทย

Change to English
 แสดงรายละเอียดบรรณานุกรม
  กลับหน้าหลัก

Brief Record : Get Marc (ISO 2709) : E-mail record : QR code < ปิดหน้าต่าง
LEADER : 00000nam 2200000uu 4500
001    13399111444
003     ULIB
008    110627s||||||||th 000 0 tha d
020    9789741091294
090    นว.^bณ429ป 2553
100 0  ณารา
245 00 ปลาไหลป้ายแดง/^cณารา
250    พิมพ์ครั้งที่ 3
260    นนทบุรี :^bพิมพ์คำ,^c2553
300    342 หน้า
945    ^p220^l0^i030176
995    ทศพร
999 ^a ใช้งานได้ทุกระบบ
รายการนี้ยังไม่มีแท็ก
คุณยังไม่ได้ล็อกอิน คุณสามารถมีกิจกรรมร่วมกับเว็บไซต์ได้ แต่ต้องล็อกอินก่อน ::
  ล็อกอิน

รายการสื่อสารสนเทศ

ลำดับที่ ประเภท เลขเรียก/บาร์โค้ด สถานที่ สถานะ
- ไม่พบข้อมูล -

รายการใกล้เคียง
    ผู้แต่ง [ณารา]

BibComment


ยังไม่เคยถูกคอมเมนท์

คอมเมนท์ทรัพยากรรายการนี้
  คอมเมนท์: ปลาไหลป้ายแดง ณารา


 Copyright 2026. Bcnsprnw @Library